Statistics for Most Guessed Boxers on Jetpunk

Click here to take the quiz!

General Stats

  • This quiz has been taken 76 times
  • The average score is 12 of 20

Answer Stats

%careerboxer% Correct
991960-1981Muhammad Ali
97%
831985-2005Mike Tyson
94%
531996-Floyd Mayweather Jr
82%
641969-1997George Foreman
73%
431940-1965Sugar Ray Robinson
69%
451947-1955Rocky Marciano
66%
531965-1981Joe Frazier
63%
491977-1997Sugar Ray & Benny Leonard
63%
491984-2011Evander Holyfield
61%
481934-1951Joe Louis
61%
461909-1929Ted "Kid" Lewis
61%
231914-1927Jack Dempsey
55%
241973-1987Marvin Hagler
55%
251968-2001Roberto Duran
52%
221977-2006Thomas Hearns
48%
321989-Roy Jones Jr
47%
291992-2008Oscar De La Hoya
45%
191973-2002Larry Holmes
44%
181980-2005Julio César Chávez
35%
301897-1932Jack Johnson
34%

Score Distribution

Percentile by Number Answered

Percent of People with Each Score

Your Score History

You have not taken this quiz